000 00457pab a2200169 454500
008 180718b2006 xxu||||| |||| 00| 0 eng d
100 _aKonig, Thomas
245 _aFrom unanimity to consensus: an analysis of the negotiations at the EU's constitutional convention
260 _c2006
300 _ap.413-45.
362 _aApr
650 _aEuropean union
700 _aSlapin, Jonathan B.
773 _aWorld Politics
908 _aN
909 _a73363
999 _c73363
_d73363